000 00760nam a2200253 a 4500
001 42532
003 BD-RjUL
005 20211209053544.0
008 160613s1981 nyua b 001 0 eng
020 _a0442238940 (pbk.)
035 _a(BD-RjUL)42650
040 _aDLC
_cDLC
_dDLC
_beng
041 _aeng
082 0 0 _a330
_219
_bLOI 1981
100 1 _aLong, Kenneth E.
_9130806
245 1 0 _aIntroduction to economics /
_cKenneth E. Long ; foreword by Jeff R. Clark.
260 _aNew York :
_bVan Nostrand,
_c1981.
300 _axxi, 505 p. :
_bill. ;
_c23 cm.
504 _aIncludes bibliographical references and index.
650 0 _aEconomics.
_9130807
700 _aClark, Jeff R. .foreword by
_9130808
942 _2ddc
_cBK
999 _c42532
_d42532